| 000 | 00650nam a22002057a 4500 | ||
|---|---|---|---|
| 003 | OSt | ||
| 005 | 20150313115449.0 | ||
| 008 | 150313b xxu||||| |||| 00| 0 eng d | ||
| 040 | _cBMC | ||
| 082 | _a808.831 | ||
| 245 | 0 | 0 |
_aGrandes cuentistas _cselección y estudio preliminar por Julio Torri, noticias biobibliográficas de José Manuel Conde |
| 250 | _a[3ª ed.] | ||
| 260 |
_aBuenos Aires [etc.] _bW. M. Jackson _c[1956] |
||
| 300 |
_aXIX, 551 p. _c21 cm |
||
| 490 |
_aClásicos Jackson _vXXXIX |
||
| 650 | 2 | 4 |
_aCuentos _917684 |
| 700 | 1 |
_aTorri, Julio _d1889-1970 _932665 |
|
| 700 | 1 |
_aConde, José Manuel _932647 |
|
| 942 |
_2ddc _cBK _hahoj |
||
| 999 |
_c19540 _d19540 |
||